000
00182 a2200097 4500
020
_a
9780736873338
041
_a
spa
100
_a
Catala, Ellen
245
_a
Vamos a volar
942
_c
BK
999
_c
9355
_d
9355